000 01477nam a2200313Ia 4500
001 G5019
003 IT-RoPAU
008 130308s9999 xx 000 0 und d
040 _aIT-RoPAU
040 _cIT-RoPAU
041 _aITALIANO
100 _aMastroiani Michele
100 _gCodice Aut. SPICS: 54940
245 _aNew media
245 _bNew Media
250 _a1a ed.
260 _aNAPOLI
260 _bEllissi
260 _c2000 [1° Ed.:2000 - Ed.Ling.Originale:2000]
300 _a"256 p. (prefazione: no ; testo: 256 [pagine: 0-0])"
500 _a"New Media: New Media Digitali, codifica Analogica e codifica Digitale; Computer Primo medium Digitale; un Po' di Storia del Digitale. Dai Mass Media a quelli Digitali: fasi Dello Sviluppo della Comunicazione Umana, Trasformazioni Digitali dei Mass Media, Società dell'Informazione. Vita nel Cyberspazio: tribù Digitale, Società Digitale, Broadcast in Rete. Strumenti: consigli di Lettura; Cronologia Sulle principali tappe Dello Sviluppo Tecnico e produttivo dei New Media; Schede biografiche dei protagonisti della Storia Tecnica e produttiva dei New Media; Glossario che Indicizza I termini Utilizzati nel Volume; Bibliografia Ragionata."
650 _aENCICLOPEDIE DELLA MULTIMEDIALITA'
650 _eCodice materia Spics: 4251
700 _aPrigiobbo AntonioVellutino Daniela
700 _gCodice Aut. SPICS: 54941Codice Aut. SPICS: 54938
942 _cBK
957 _71
999 _c90025
_d90025
999 _g1